Gaming Quiz

Random Gaming or Pokémon Quiz

Fire Pokémon (Gen I) Quiz Stats

 Plays Quiz Updated Nov 23, 2018

Score 0/12 Timer 02:00
12 Plays Today
Pokémon name % Correct
Charmander
98.9%
Charizard
97%
Charmeleon
95.5%
Moltres
84.2%
Magmar
81.2%
Arcanine
80.2%
Growlithe
79.5%
Vulpix
77.4%
Ponyta
75.4%
Rapidash
74.3%
Ninetales
71.6%
Flareon
69.8%

You're not logged in!

Compare scores with friends on all Sporcle quizzes.
OR
Log In

Sporcle TV

Today on Sporcle TV


Watch our educational content, quiz creation guides, and fun videos on Sporcle TV.

Show Comments

Extras

Top Quizzes Today


Score Distribution

Your Account Isn't Verified!

In order to create a playlist on Sporcle, you need to verify the email address you used during registration. Go to your Sporcle Settings to finish the process.

Report this User

Report this user for behavior that violates our Community Guidelines.

Details: